| 000 | 00969nam a2200325 4500 | ||
|---|---|---|---|
| 003 | OSt | ||
| 005 | 20260601193526.0 | ||
| 008 | 260508b2001 ja ||||| |||| 00| 0 eng d | ||
| 020 | _a3931884910 | ||
| 020 | _a4-89444-158-6 | ||
| 040 |
_aICI _bSPA _cICI |
||
| 041 | _aENG | ||
| 050 |
_aHF5415.1265 _bC67 2001 |
||
| 100 | 1 |
_aP·I·E BOOKS _935783 |
|
| 245 | 1 | _aCorporate Profiles & Web Graphics | |
| 264 |
_aTokyo : _bPIE Books, _c2001. |
||
| 300 |
_a304 páginas _bilustraciones a color |
||
| 336 |
_atexto _2rdacontent |
||
| 337 |
_asin medio _2rdamedia |
||
| 338 |
_avolumen _2rdacarrier |
||
| 502 | _aPublicación impresa en Japón. | ||
| 650 |
_aDiseño gráfico. _935784 |
||
| 650 |
_aDiseño de páginas web. _935785 |
||
| 650 |
_aIdentidad corporativa. _935786 |
||
| 650 |
_aComunicación visual. _935787 |
||
| 650 |
_aComunicación visual. _935787 |
||
| 650 |
_aPublicidad en Internet. _935788 |
||
| 650 |
_aArte digital. _935789 |
||
| 942 |
_2lcc _cB _n1 |
||
| 999 |
_c21190 _d21190 |
||